| 000 | 01511nam a2200385 i 4500 | ||
|---|---|---|---|
| 001 | 33614 | ||
| 003 | KOSZ 005 | ||
| 005 | 20220912090111.0 | ||
| 008 | 981021s1998 pl a f |000 0 pol | ||
| 015 | _aPB 2000/4790 | ||
| 040 |
_aWA N _cWA N _dKOSZ 005/HR |
||
| 046 | _k1998 | ||
| 080 | _a330.322.5 | ||
| 080 | _a658.5 | ||
| 100 | 1 |
_aSobolewski, Kazimierz _c(ekonomia) _eAutor |
|
| 245 | 1 | 0 |
_aO pojęciu skuteczności i pojęciach związanych / _cKazimierz Sobolewski. |
| 260 |
_aKoszalin : _bWydaw. Uczelniane PK, _c1998. |
||
| 300 |
_a201 s. : _bil. ; _c24 cm. |
||
| 336 |
_2rdacontent _aTekst _btxt |
||
| 337 |
_2rdamedia _aBez urządzenia pośredniczącego _bn |
||
| 338 |
_2rdacarrier _aWolumin _bnc |
||
| 380 | _aKsiążki | ||
| 388 | _a1901-2000 | ||
| 388 | _a1989-2000 | ||
| 490 | 1 |
_aMonografia Instytutu Zarządzania i Marketingu / Politechnika Koszalińska, _x0239-7129 ; _vnr 66. |
|
| 504 | _aBibliogr. | ||
| 650 | 7 | _aEfektywność ekonomiczna | |
| 650 | 7 | _aEkonomika produkcji | |
| 658 | _aGospodarka, ekonomia, finanse | ||
| 710 | 2 |
_aWydawnictwo Uczelniane (Politechnika Koszalińska) _4pbl. |
|
| 830 | 0 |
_aMonografia Instytutu Zarządzania i Marketingu - Politechnika Koszalińska _vnr 66 |
|
| 856 |
_uhttp://koha.tu.koszalin.pl/cgi-bin/koha/opac-detail.pl?biblionumber=33614 _yKatalog online BPK |
||
| 856 |
_uhttp://dlibra.tu.koszalin.pl/dlibra/docmetadata?id=635&from=&dirids=1&ver_id=&lp=1&QI= _yBiblioteka Cyfrowa |
||
| 942 |
_2UKD _cKS |
||
| 999 |
_c33614 _d33614 |
||